000 00659nam a22002172 4500
001 0000004345
005 20151217145804.0
008 070522s xx 000 0 eng d
040 _aKABU
_cKABU
050 0 _aQA76.76
_b.W56D66 2000
100 1 _aDonald, Lisa.
_@0000154854
245 1 0 _aMCSE. :
_bWindows 2000 Professional study guide /
_cLisa Donald with James Chellis.
260 _aNew Delhi :
_bBPB,
_c2000.
300 _a862 p.
500 _aIncludes CD.
650 0 _aMicrosoft Windows 2000.
_@0000154855
700 1 _aChellis, James.
_@0000154856
908 _a070522
950 _@1
999 _c2625
_d2625